[Event "2nd Kolkata GM Open 2015"]
[Site "Kolkata IND"]
[Date "2015.03.17"]
[Round "2.4"]
[White "Gopal, G.N."]
[Black "Stany, G.A."]
[Result "1/2-1/2"]
[WhiteTitle "GM"]
[BlackTitle "IM"]
[WhiteElo "2575"]
[BlackElo "2380"]
[WhiteFideId "5015693"]
[BlackFideId "5029104"]
[EventDate "2015.03.16"]

1. e4 c5 2. Nf3 Nc6 3. Bb5 Nf6 4. Nc3 g6 5. Bxc6 dxc6 6. d3 Bg7 7. h3 Nd7 8. Be3
b6 9. Qd2 h6 10. O-O e5 11. Nh2 Nf8 12. f4 exf4 13. Rxf4 Be6 14. Rf2 Nd7 15.
Raf1 Ne5 16. Ne2 Qe7 17. Nf4 O-O-O 18. Qe2 Rd7 19. b3 Kb7 20. Nf3 Nxf3+ 21. Rxf3
Be5 22. Nxe6 Qxe6 23. Qf2 Rh7 24. Kh1 g5 25. Rf5 f6 26. g3 Qd6 27. Kg2 h5 28.
Qe1 h4 29. g4 Bc3 30. Qf2 Rhe7 31. Rb1 Re6 32. Qf3 Be5 33. a4 a5 34. Kh1 Bc3 35.
Bg1 Qe7 36. Qg2 Qe8 37. Bh2 Qe7 38. Qf3 Qe8 39. Kg2 Qe7 40. Bg1 Qd8 41. Bf2 Qc7
42. Be3 Qd8 43. Bc1 Be5 44. Bb2 Bf4 45. Rf1 Qe7 46. Qe2 Qd6 47. Bc3 Qe7 48. Rf3
Qd6 49. Qf2 Qe7 50. Qe2 Qd6 51. Kf1 Qe7 52. Kg2 1/2-1/2

[Event "2nd Kolkata GM Open 2015"]
[Site "Kolkata IND"]
[Date "2015.03.17"]
[Round "2.5"]
[White "Laxman, R.R."]
[Black "Lu, Shanglei"]
[Result "1/2-1/2"]
[WhiteTitle "GM"]
[BlackTitle "GM"]
[WhiteElo "2375"]
[BlackElo "2570"]
[WhiteFideId "5005361"]
[BlackFideId "8603332"]
[EventDate "2015.03.16"]

1. d4 d5 2. c4 e6 3. Nf3 Nf6 4. g3 g6 5. Bg2 Bg7 6. Qc2 O-O 7. O-O Nc6 8. Rd1
Ne7 9. Bg5 c6 10. Nbd2 h6 11. Bxf6 Bxf6 12. e4 b6 13. Rac1 Bb7 14. h4 Rc8 15. e5
Bg7 16. c5 Rb8 17. Nb3 Bc8 18. Qd2 Ba6 19. Bf1 Bxf1 20. Rxf1 h5 21. Rfe1 Qc8 22.
Qd3 Bh6 23. Rc2 Kg7 24. Kg2 Qb7 25. Ree2 Nf5 26. Re1 Rfc8 27. Ree2 Kg8 28. Rc3
Bf8 29. Rec2 a5 30. cxb6 Qxb6 31. Nc5 Qa7 32. Rb3 Rxb3 33. Nxb3 a4 34. Nc5 Rb8
35. Qa3 Rb5 36. b4 Bxc5 37. dxc5 Rb8 38. Rb2 Qa6 39. Qc3 a3 40. Rb3 Qc4 41. Qxc4
dxc4 42. Rxa3 Rxb4 43. Nd2 Ne7 44. Rc3 Nd5 45. Rxc4 Rb2 46. Rd4 Rxa2 47. Ne4 1/2-1/2

[Event "2nd Kolkata GM Open 2015"]
[Site "Kolkata IND"]
[Date "2015.03.17"]
[Round "2.6"]
[White "Kotsur, Pavel"]
[Black "Konguvel, Ponnuswamy"]
[Result "0-1"]
[WhiteTitle "GM"]
[BlackTitle "IM"]
[WhiteElo "2567"]
[BlackElo "2362"]
[WhiteFideId "13700278"]
[BlackFideId "5000548"]
[EventDate "2015.03.16"]

1. Nf3 Nf6 2. c4 g6 3. Nc3 Bg7 4. e4 d6 5. d4 O-O 6. Be2 e5 7. O-O Nc6 8. d5 Ne7
9. Qc2 Nd7 10. Rd1 h6 11. b4 f5 12. Nd2 Nf6 13. c5 g5 14. a4 f4 15. Ra3 g4 16.
Nb5 Ne8 17. Rc3 a6 18. Na3 Ng6 19. g3 Rf7 20. Nac4 Bf8 21. Nb3 h5 22. cxd6 cxd6
23. a5 Bd7 24. Nb6 Rb8 25. Bd2 Bb5 26. Bxb5 axb5 27. Rc8 Rxc8 28. Qxc8 Qxc8 29.
Nxc8 Nf6 30. Na7 Nxe4 31. Nxb5 fxg3 32. fxg3 Rf3 33. Nc1 h4 34. gxh4 Nxh4 35.
Be1 Nf5 36. Bg3 Nfxg3 37. hxg3 Rxg3+ 38. Kf1 Bh6 39. Nd3 Nd2+ 40. Ke2 Rg2+ 41.
Ke1 g3 42. Nc3 Nf3+ 43. Kf1 Rg1+ 44. Ke2 Nd4# 0-1

[Event "2nd Kolkata GM Open 2015"]
[Site "Kolkata IND"]
[Date "2015.03.17"]
[Round "2.7"]
[White "Thakur, Akash"]
[Black "Sengupta, Deep"]
[Result "1/2-1/2"]
[WhiteTitle "FM"]
[BlackTitle "GM"]
[WhiteElo "2348"]
[BlackElo "2567"]
[WhiteFideId "5008514"]
[BlackFideId "5008352"]
[EventDate "2015.03.16"]

1. e4 e6 2. d4 d5 3. exd5 exd5 4. Bd3 Nc6 5. c3 Bd6 6. Qf3 Nce7 7. Ne2 c6 8. Bf4
Bxf4 9. Nxf4 Nf6 10. Nd2 Bg4 11. Qg3 O-O 12. O-O Qb6 13. h3 Bd7 14. Nb3 Rae8 15.
Rae1 Nf5 16. Qf3 Nh4 17. Qg3 Nf5 18. Qf3 Nh4 19. Qg3 Nf5 20. Qf3 Nh4 1/2-1/2

[Event "2nd Kolkata GM Open 2015"]
[Site "Kolkata IND"]
[Date "2015.03.17"]
[Round "2.8"]
[White "Kovalev, Vladislav"]
[Black "Gusain, Himal"]
[Result "1/2-1/2"]
[WhiteTitle "GM"]
[WhiteElo "2531"]
[BlackElo "2343"]
[WhiteFideId "13504398"]
[BlackFideId "5033861"]
[EventDate "2015.03.16"]

1. e4 Nf6 2. e5 Nd5 3. d4 d6 4. Nf3 g6 5. Bc4 Nb6 6. Bb3 Bg7 7. Ng5 e6 8. Qf3
Qe7 9. Ne4 dxe5 10. Bg5 Qb4+ 11. c3 Qa5 12. Bf6 O-O 13. Bxg7 Kxg7 14. Qf6+ Kg8
15. Qxe5 Qxe5 16. dxe5 Bd7 17. Nbd2 Bc6 18. O-O-O N8d7 19. f4 Kg7 20. Rhe1 a5
21. Bc2 Rfd8 22. g3 a4 23. Nf1 Bxe4 24. Rxe4 a3 25. b4 Nd5 26. Rd3 b5 27. Bb3
N7b6 28. Bxd5 exd5 29. Re2 Rac8 30. Nd2 c5 31. bxc5 Rxc5 32. Nb3 Rc4 33. Nd4 Na4
34. Rc2 Rb8 35. f5 Nc5 36. Rf3 Re8 37. Nxb5 Rxe5 38. Nd6 Ra4 39. fxg6 fxg6 40.
Rf7+ Kg8 41. Rc7 Nd3+ 42. Kd2 Ne1 43. Rc1 Nf3+ 44. Kc2 Ne1+ 45. Kd2 Nf3+ 46. Kd3
Ne1+ 47. Kd2 Nf3+ 1/2-1/2

[Event "2nd Kolkata GM Open 2015"]
[Site "Kolkata IND"]
[Date "2015.03.17"]
[Round "2.9"]
[White "Abhishek, Kelkar"]
[Black "Abdulla, Al-Rakib"]
[Result "1-0"]
[BlackTitle "GM"]
[WhiteElo "2343"]
[BlackElo "2521"]
[WhiteFideId "5019257"]
[BlackFideId "10200444"]
[EventDate "2015.03.16"]

1. d4 Nf6 2. Nf3 e6 3. c4 b6 4. a3 Ba6 5. Qb3 Nc6 6. Qc2 Be7 7. e4 O-O 8. e5 Ne8
9. Bd3 f5 10. b4 Bb7 11. Bb2 g6 12. Nc3 Ng7 13. Ne2 d6 14. Rd1 a5 15. b5 Nb8 16.
c5 dxc5 17. dxc5 Bxc5 18. Bxf5 Qe7 19. Be4 c6 20. Ng3 Bxa3 21. Bxa3 Qxa3 22. O-O
Qc5 23. Qd3 Ra7 24. Bxg6 cxb5 25. Ng5 1-0

[Event "2nd Kolkata GM Open 2015"]
[Site "Kolkata IND"]
[Date "2015.03.17"]
[Round "2.10"]
[White "Kunal, M."]
[Black "Wang, Chen"]
[Result "1/2-1/2"]
[BlackTitle "IM"]
[WhiteElo "2327"]
[BlackElo "2500"]
[WhiteFideId "5018250"]
[BlackFideId "8601020"]
[EventDate "2015.03.16"]

1. e4 c5 2. Nf3 e6 3. g3 Nc6 4. Bg2 Nf6 5. d3 d5 6. Qe2 Be7 7. O-O O-O 8. e5 Nd7
9. c4 Nb6 10. Na3 a5 11. Nb5 a4 12. h4 Na5 13. Na3 Bd7 14. Bf4 Nc6 15. Nb5 Nb4
16. Nc3 Bc6 17. Rfd1 Re8 18. Ng5 h6 19. Nf3 Nd7 20. a3 Na6 21. cxd5 exd5 22. e6
fxe6 23. Qxe6+ Kh8 24. Ne5 Nxe5 25. Bxe5 Bf6 26. Bxf6 Rxe6 27. Bxd8 Rxd8 28. d4
Red6 29. Bf1 c4 30. Re1 b5 31. Na2 b4 32. Nxb4 Nxb4 33. axb4 Rb8 34. Re5 Rxb4
35. Ra2 Kg8 36. h5 Kf8 37. Bg2 Rb3 38. Bf1 Rd8 39. Re3 Rb4 40. Re2 Rb3 41. Rd2
Bd7 42. Be2 Re8 43. f3 Ke7 44. Kf2 Kd6 45. Bd1 Rb4 46. Bc2 Reb8 47. Bd1 Kc7 48.
Ke1 R8b6 49. Re2 Kd6 50. g4 Rb8 51. Rd2 Rc8 52. Rc2 Rb3 53. Rc3 Rb4 54. Kd2 Rcb8
55. Kc1 Rf8 56. Kd2 Rf4 57. Ke3 Rf8 58. Kd2 Rf4 59. Ke3 Rf8 1/2-1/2

[Event "2nd Kolkata GM Open 2015"]
[Site "Kolkata IND"]
[Date "2015.03.17"]
[Round "2.11"]
[White "Kathmale, Sameer"]
[Black "Shyam, Sundar M."]
[Result "0-1"]
[WhiteTitle "IM"]
[BlackTitle "GM"]
[WhiteElo "2322"]
[BlackElo "2491"]
[WhiteFideId "5024498"]
[BlackFideId "5019141"]
[EventDate "2015.03.16"]

1. e4 e5 2. Nf3 Nc6 3. Bb5 a6 4. Ba4 Nf6 5. O-O Be7 6. c3 Nxe4 7. Re1 Nc5 8.
Bxc6 dxc6 9. Nxe5 Nd7 10. Nxd7 Bxd7 11. d4 Be6 12. Nd2 O-O 13. Ne4 Re8 14. Bf4
a5 15. Qf3 Bd5 16. Qg3 Bh4 17. Qd3 Qe7 18. Re3 Bxe4 19. Qe2 f5 20. f3 g5 21. Be5
Bd5 22. c4 f4 23. Rb3 c5 24. g3 cxd4 25. cxd5 fxg3 26. f4 gxf4 27. hxg3 Qg5 28.
d6 Rxe5 29. Qc4+ Kh8 30. dxc7 Rc8 31. Qxd4 Bxg3 32. Rd1 Rxc7 33. Rb5 Bf2+ 34.
Kxf2 Qg3+ 35. Kf1 Qf3+ 0-1

[Event "2nd Kolkata GM Open 2015"]
[Site "Kolkata IND"]
[Date "2015.03.17"]
[Round "2.12"]
[White "Kunte, Abhijit"]
[Black "Shivananda, B.S."]
[Result "1-0"]
[WhiteTitle "GM"]
[BlackTitle "IM"]
[WhiteElo "2485"]
[BlackElo "2321"]
[WhiteFideId "5002265"]
[BlackFideId "5007038"]
[EventDate "2015.03.16"]

1. d4 Nf6 2. c4 c5 3. d5 e6 4. Nc3 exd5 5. cxd5 d6 6. e4 g6 7. h3 Bg7 8. Nf3 O-O
9. Bd3 a6 10. a4 Re8 11. O-O Nh5 12. Bg5 Bf6 13. Be3 Nd7 14. a5 Ne5 15. Be2
Nxf3+ 16. Bxf3 Ng7 17. Na4 Bd7 18. Nb6 Rb8 19. Qd2 Bb5 20. Rfe1 Be5 21. Rac1 f5
22. Bg5 Bf6 23. Bxf6 Qxf6 24. Qc3 Kf7 25. exf5 Nxf5 26. Re6 Qxc3 27. bxc3 Rxe6
28. dxe6+ Kxe6 29. Re1+ Kf7 30. Bd5+ Kf8 31. Re6 Be8 32. Be4 Kf7 33. Bxf5 gxf5
34. Rxd6 Bc6 35. Nd5 Re8 36. Rf6+ Kg7 37. Rxf5 Re1+ 38. Kh2 Rc1 39. Ne7 Rxc3 40.
Nxc6 bxc6 41. g4 c4 42. Rc5 Rc2 43. Kg3 c3 44. Rxc6 Rc1 45. Kf4 c2 46. h4 Kf7
47. Kf5 Ke7 48. g5 Kd7 49. Rc3 Kd6 50. h5 Kd5 51. g6 hxg6+ 52. hxg6 Kd4 53. Rc8
Kd3 54. g7 Rg1 55. Kf6 Rg4 56. f3 Rg3 57. f4 Kd2 58. f5 Rc3 59. Rxc3 Kxc3 60.
g8=Q c1=Q 61. Qc8+ 1-0

[Event "2nd Kolkata GM Open 2015"]
[Site "Kolkata IND"]
[Date "2015.03.17"]
[Round "2.13"]
[White "Vijayalakshmi, Subbaraman"]
[Black "Ankit, R. Rajpara"]
[Result "1-0"]
[WhiteTitle "IM"]
[BlackTitle "GM"]
[WhiteElo "2319"]
[BlackElo "2477"]
[WhiteFideId "5004098"]
[BlackFideId "5023335"]
[EventDate "2015.03.16"]

1. d4 d5 2. c4 c6 3. Nf3 Nf6 4. e3 Bf5 5. Nc3 e6 6. Qb3 Qc7 7. Nh4 Be4 8. f3 Bg6
9. Bd2 Be7 10. g3 Bh5 11. O-O-O Nfd7 12. g4 Bxg4 13. fxg4 Bxh4 14. e4 dxc4 15.
Bxc4 Nb6 16. Be2 N8d7 17. Qa3 e5 18. d5 Be7 19. Qa5 O-O 20. Kb1 Nc5 21. Rc1 Rac8
22. b4 Na6 23. Nb5 Qb8 24. dxc6 Rxc6 25. Nxa7 Qxa7 26. Rxc6 bxc6 27. Qxa6 Qxa6
28. Bxa6 Rd8 29. Be3 Na4 30. Rc1 Bxb4 31. Rxc6 Nc3+ 32. Kc2 Nd1 33. Bb6 Rd2+ 34.
Kc1 h5 35. a3 Ra2 36. axb4 Rxa6 37. Kxd1 hxg4 38. b5 Ra2 39. Bc7 Rxh2 40. Bxe5
Rh5 41. b6 1-0

[Event "2nd Kolkata GM Open 2015"]
[Site "Kolkata IND"]
[Date "2015.03.17"]
[Round "2.14"]
[White "Deepan, Chakkravarthy J."]
[Black "Harsha, Bharathakoti"]
[Result "1/2-1/2"]
[WhiteTitle "GM"]
[WhiteElo "2476"]
[BlackElo "2301"]
[WhiteFideId "5011132"]
[BlackFideId "5078776"]
[EventDate "2015.03.16"]

1. e4 c5 2. Nf3 d6 3. d4 cxd4 4. Qxd4 Nc6 5. Bb5 Bd7 6. Bxc6 Bxc6 7. Nc3 Nf6 8.
Bg5 e6 9. Qd3 Be7 10. Nd4 Rc8 11. O-O-O O-O 12. f4 a6 13. Kb1 b5 14. Rhe1 Bb7
15. a3 Re8 16. h4 Qb6 17. f5 e5 18. Bxf6 Bxf6 19. Nf3 Be7 20. g4 b4 21. axb4
Qxb4 22. g5 Rb8 23. b3 Rec8 24. Re3 a5 25. g6 a4 26. Nd5 Bxd5 27. Qxd5 Qc4 28.
gxf7+ Kf8 29. Qxc4 Rxc4 30. Ng5 h6 31. Ne6+ Kxf7 32. h5 axb3 33. cxb3 Rbb4 34.
Rg3 Bf6 35. Rxd6 Rxe4 36. Rd7+ Ke8 37. Ra7 Re1+ 38. Ka2 Rf4 39. Nxg7+ Bxg7 40.
Rgxg7 Rf2+ 41. Ka3 Ra1+ 42. Kb4 Rxa7 43. Rxa7 Rxf5 44. Kc4 Rxh5 45. b4 e4 46. b5
Kd8 47. b6 Kc8 48. Re7 e3 1/2-1/2

[Event "2nd Kolkata GM Open 2015"]
[Site "Kolkata IND"]
[Date "2015.03.17"]
[Round "2.15"]
[White "Rakesh, Kumar Jena"]
[Black "Kostenko, Petr"]
[Result "0-1"]
[WhiteTitle "FM"]
[BlackTitle "GM"]
[WhiteElo "2299"]
[BlackElo "2466"]
[WhiteFideId "5084822"]
[BlackFideId "13700669"]
[EventDate "2015.03.16"]

1. e4 c5 2. Nf3 e6 3. b3 b6 4. Bb2 Bb7 5. Nc3 Nc6 6. Bd3 Nf6 7. e5 Ng4 8. Ne4
Qb8 9. Nfg5 Ncxe5 10. Be2 h6 11. Bxg4 hxg5 12. Nxg5 Bxg2 13. Rg1 Bc6 14. Qe2
Nxg4 15. Qxg4 Qxh2 16. O-O-O Rh4 17. Qe2 Qf4 18. Rde1 Be7 19. Nxf7 Qxf7 20. Rxg7
Qf8 21. Be5 c4 22. f4 Bf6 0-1

[Event "2nd Kolkata GM Open 2015"]
[Site "Kolkata IND"]
[Date "2015.03.17"]
[Round "2.16"]
[White "Raghunandan, Kaumandur Srihari"]
[Black "Narayanan, Srinath"]
[Result "0-1"]
[WhiteTitle "FM"]
[BlackTitle "IM"]
[WhiteElo "2294"]
[BlackElo "2459"]
[WhiteFideId "25004964"]
[BlackFideId "5018420"]
[EventDate "2015.03.16"]

1. d4 Nf6 2. c4 e6 3. Nf3 Bb4+ 4. Bd2 a5 5. g3 d6 6. Bg2 Nbd7 7. O-O e5 8. dxe5
dxe5 9. Nc3 c6 10. Qc2 O-O 11. Rad1 Re8 12. a3 Bf8 13. Na4 Qe7 14. b4 e4 15. Nd4
axb4 16. axb4 Qe5 17. Bf4 Qh5 18. Qb3 Ra7 19. h3 Qg6 20. Rd2 e3 21. Bxe3 Rxe3
22. fxe3 Qxg3 23. Nf5 Qe5 24. Nb2 g6 25. Nd4 Qg3 26. e4 Nxe4 27. Rd3 Qg5 28. c5
Ne5 29. Re3 Nd2 30. Rxe5 Nxb3 31. Rxg5 Nxd4 32. Re5 Be6 33. Nd3 Bg7 34. Re4 g5
35. h4 h6 36. hxg5 hxg5 37. e3 Ne2+ 38. Kh2 Ra3 39. Nf2 Nc3 40. Rxe6 fxe6 41.
Bh3 Kf7 42. Ne4+ Kg6 43. Bxe6 Nxe4 44. Bf5+ Kh5 45. Bxe4 Rxe3 46. Bf3+ Kh4 47.
b5 g4 48. Bg2 Be5+ 49. Kh1 cxb5 50. Bxb7 Rc3 51. Rb1 Kh3 52. Bg2+ Kg3 53. c6 b4
54. Bd5 Rc5 55. Rd1 Kf2 56. Bg2 Bf4 57. Rf1+ Kg3 58. Rb1 Be3 0-1

[Event "2nd Kolkata GM Open 2015"]
[Site "Kolkata IND"]
[Date "2015.03.17"]
[Round "2.17"]
[White "Bakre, Tejas"]
[Black "Chakravarthi Reddy, M"]
[Result "0-1"]
[WhiteTitle "GM"]
[BlackTitle "IM"]
[WhiteElo "2458"]
[BlackElo "2283"]
[WhiteFideId "5004195"]
[BlackFideId "25009532"]
[EventDate "2015.03.16"]

1. d4 d5 2. Nf3 Nf6 3. c4 c6 4. Nc3 a6 5. cxd5 cxd5 6. Bf4 Nc6 7. Rc1 Bg4 8. Ne5
Nxe5 9. Bxe5 e6 10. Qb3 b5 11. f3 Bh5 12. Bxf6 gxf6 13. e4 Bh6 14. Rd1 dxe4 15.
Nxe4 f5 16. Nc5 O-O 17. Be2 Qd6 18. O-O Bf4 19. h3 e5 20. Qc3 b4 21. Qxb4 Be3+
22. Kh1 Bxd4 23. Nd3 Rfd8 24. b3 Rac8 25. Qxd6 Rxd6 26. Rc1 Rxc1 27. Rxc1 f4 28.
Nc5 Be3 29. Ne4 Rb6 30. Rc8+ Kg7 31. Bc4 f5 32. Nc3 Rd6 33. Nd5 e4 34. Rc7+ Kh6
35. fxe4 fxe4 36. g4 Bg6 37. h4 Bf2 38. h5 Be8 39. Nxf4 e3 40. Re7 Bc6+ 41. Kh2
Kg5 42. Nh3+ Kh4 43. Nxf2 exf2 44. Re3 Rd1 45. Rh3+ Kg5 46. Rc3 Kf4 0-1

[Event "2nd Kolkata GM Open 2015"]
[Site "Kolkata IND"]
[Date "2015.03.17"]
[Round "2.18"]
[White "Saravana, Krishnan P."]
[Black "Swapnil, S. Dhopade"]
[Result "1/2-1/2"]
[BlackTitle "IM"]
[WhiteElo "2283"]
[BlackElo "2450"]
[WhiteFideId "5018382"]
[BlackFideId "5019184"]
[EventDate "2015.03.16"]

1. e4 c6 2. d4 d5 3. e5 Bf5 4. Nf3 e6 5. Be2 Nd7 6. O-O Bg6 7. c3 Ne7 8. Na3 Nf5
9. Nc2 Be7 10. g3 c5 11. b3 cxd4 12. cxd4 Rc8 13. Nce1 Qb6 14. g4 Nh4 15. Nxh4
Bxh4 16. Be3 Be7 17. f4 f5 18. g5 h6 19. Ng2 hxg5 20. fxg5 f4 21. Nxf4 Bxg5 22.
Rc1 O-O 23. Qd2 Rxc1 24. Rxc1 Nxe5 25. Nxd5 exd5 26. Bxg5 Nf3+ 27. Bxf3 Rxf3 28.
Rc8+ Kh7 29. Rc3 Rxc3 30. Qxc3 Qe6 31. Qe3 Qg4+ 32. Kf2 Be4 33. Bf4 Qg2+ 34. Ke1
Bf5 35. a3 Qb2 36. b4 Qg2 37. Be5 Bg4 38. Qd3+ Kg8 39. Qe3 a6 40. Bg3 Qc2 41.
Be5 Kh7 42. Bf4 Qd1+ 43. Kf2 Bf5 44. Be5 Bg4 45. Kg3 Bf5 46. Kf2 Qc2+ 47. Ke1
Bg4 48. Bf4 Qg2 49. Qd3+ Kg8 50. Qe3 Kh7 1/2-1/2

[Event "2nd Kolkata GM Open 2015"]
[Site "Kolkata IND"]
[Date "2015.03.17"]
[Round "2.19"]
[White "Lin, Chen"]
[Black "Kulkarni, Rakesh"]
[Result "0-1"]
[WhiteTitle "IM"]
[WhiteElo "2448"]
[BlackElo "2282"]
[WhiteFideId "8602298"]
[BlackFideId "5037077"]
[EventDate "2015.03.16"]

1. e4 c5 2. Nf3 e6 3. g3 Nc6 4. Bg2 Nf6 5. Qe2 e5 6. O-O Be7 7. c3 O-O 8. Rd1 d5
9. d3 h6 10. h3 Re8 11. Nbd2 Bf8 12. a4 Be6 13. Kh2 Qd7 14. exd5 Nxd5 15. Nc4
Rad8 16. Nfxe5 Nxe5 17. Nxe5 Qc7 18. f4 f6 19. Ng4 h5 20. Ne3 Nxe3 21. Bxe3 h4
22. Qf2 Bb3 23. Rd2 Qe7 24. Re1 hxg3+ 25. Qxg3 Bd5 26. Rde2 Bxg2 27. Qxg2 Qc7
28. Qg6 Bd6 29. Kg1 Qd7 30. Rg2 Bxf4 31. Bf2 Rxe1+ 32. Bxe1 Be3+ 33. Kh2 Bf4+
34. Bg3 Bxg3+ 35. Rxg3 Qe7 36. Qg4 Re8 37. Qc4+ Kh8 38. Qh4+ Kg8 39. Qc4+ Kh8
40. Qh4+ Kg8 41. Qc4+ Kf8 42. Rg2 Qd6+ 43. Kg1 Re1+ 44. Kf2 Qe5 45. Kf3 Rf1+ 0-1

[Event "2nd Kolkata GM Open 2015"]
[Site "Kolkata IND"]
[Date "2015.03.17"]
[Round "2.20"]
[White "Chatterjee, Debaraj"]
[Black "Neelotpal, Das"]
[Result "0-1"]
[WhiteTitle "FM"]
[BlackTitle "GM"]
[WhiteElo "2280"]
[BlackElo "2446"]
[WhiteFideId "10201130"]
[BlackFideId "5003512"]
[EventDate "2015.03.16"]

1. d4 Nf6 2. c4 e6 3. g3 d5 4. Nf3 dxc4 5. Bg2 Bd7 6. Ne5 Bc6 7. Nxc6 Nxc6 8.
Qa4 Qd7 9. Bxc6 Qxc6 10. Qxc6+ bxc6 11. Nd2 Bb4 12. a3 Bxd2+ 13. Bxd2 Rb8 14.
Rb1 Ne4 15. f3 Nd6 16. Kf2 Rb3 17. Rhc1 Kd7 18. Bb4 Rb8 19. Rc2 Rb6 20. Rbc1 f5
21. Bc5 Ra6 22. Rd1 g5 23. Rdd2 Ra4 24. Rd1 h5 25. h3 Ne8 26. Rdc1 Ra6 27. Rb1
Nd6 28. Rbc1 Nb7 29. Rd2 Ra4 30. Bb4 Nd6 31. Rdc2 Nb5 32. Rxc4 Rxb2 33. Be1 Rxa3
34. R1c2 Rxc2 35. Rxc2 a5 36. e3 a4 0-1

[Event "2nd Kolkata GM Open 2015"]
[Site "Kolkata IND"]
[Date "2015.03.18"]
[Round "3.1"]
[White "Short, Nigel D"]
[Black "Swayams, Mishra"]
[Result "1-0"]
[WhiteTitle "GM"]
[BlackTitle "IM"]
[WhiteElo "2664"]
[BlackElo "2440"]
[WhiteFideId "400025"]
[BlackFideId "5028183"]
[EventDate "2015.03.16"]

1. d4 Nf6 2. c4 e6 3. Nc3 Bb4 4. Qc2 O-O 5. Nf3 c5 6. dxc5 Na6 7. e3 Nxc5 8. Bd2
b6 9. Be2 Bb7 10. a3 Bxc3 11. Bxc3 Nce4 12. Bb4 Re8 13. a4 Rc8 14. O-O d5 15. b3
dxc4 16. bxc4 Qc7 17. Nd4 Red8 18. a5 Nd6 19. axb6 axb6 20. Ra7 Nxc4 21. Qxc4
Qxc4 22. Bxc4 1-0

[Event "2nd Kolkata GM Open 2015"]
[Site "Kolkata IND"]
[Date "2015.03.18"]
[Round "3.2"]
[White "Ganguly, Surya Shekhar"]
[Black "Konguvel, Ponnuswamy"]
[Result "1-0"]
[WhiteTitle "GM"]
[BlackTitle "IM"]
[WhiteElo "2603"]
[BlackElo "2362"]
[WhiteFideId "5002150"]
[BlackFideId "5000548"]
[EventDate "2015.03.16"]

1. e4 c5 2. Nf3 d6 3. d4 cxd4 4. Nxd4 Nf6 5. Nc3 a6 6. Be2 e6 7. O-O Be7 8. f4
O-O 9. Be3 Nc6 10. a4 Qc7 11. Kh1 Bd7 12. Nb3 b6 13. Bf3 Rfe8 14. g4 Bc8 15. g5
Nd7 16. Bg2 Bf8 17. Rf3 Rb8 18. Rh3 g6 19. Qe1 Bg7 20. f5 exf5 21. Nd5 Qd8 22.
exf5 Ne7 23. Nxe7+ Qxe7 24. Qh4 h5 25. Rf1 Ne5 26. f6 Qc7 27. fxg7 Bxh3 28. Qxh3
Qxc2 29. Bd4 Re7 30. Bd5 Qe2 31. Rf2 Qd1+ 32. Qf1 Qxf1+ 33. Rxf1 Kxg7 34. Nd2
Kf8 35. Ne4 Nd3 36. Nxd6 Rd8 37. Rf6 Nf4 38. Rxf4 Rxd6 39. Bc4 a5 40. Kg2 Red7
41. Bc3 Kg8 42. Kf2 Ra7 43. Re4 Kf8 44. Ke3 Rdd7 45. Bb5 Re7 46. Be5 Re6 47. Bc4
Rc6 48. b3 Rc8 49. Bd4 Rb8 50. Rf4 Re7+ 51. Kd3 Rd8 52. Kc2 Rb7 53. Kc3 Rd6 54.
Re4 Rd8 55. h4 Kg8 56. Bf6 Rc8 57. Rd4 Kf8 58. Rd6 Rcb8 59. Kd4 Rc7 60. Bd8 1-0

[Event "2nd Kolkata GM Open 2015"]
[Site "Kolkata IND"]
[Date "2015.03.18"]
[Round "3.3"]
[White "Shyam, Sundar M."]
[Black "Abhishek, Kelkar"]
[Result "1/2-1/2"]
[WhiteTitle "GM"]
[WhiteElo "2491"]
[BlackElo "2343"]
[WhiteFideId "5019141"]
[BlackFideId "5019257"]
[EventDate "2015.03.16"]

1. Nf3 d5 2. g3 Nf6 3. Bg2 c6 4. O-O Bf5 5. d3 h6 6. c4 e6 7. cxd5 cxd5 8. Qb3
Qb6 9. Qxb6 axb6 10. Nd4 Bg6 11. Nb5 Kd7 12. N1c3 Nc6 13. b3 Ra5 14. a4 Bb4 15.
Bb2 Rc8 16. Rac1 Bh5 17. e4 d4 18. Na2 Be2 19. Nxb4 Bxf1 20. Bxf1 Nxb4 21. Rxc8
Kxc8 22. Bxd4 Ra8 23. Bxb6 Kd7 24. Na3 Kc6 25. Nc4 Nc2 26. Ba5 Nd4 27. Ne5+ Kd6
28. Nc4+ Kc6 29. Ne5+ Kd6 30. Nc4+ Kc6 31. Ne5+ 1/2-1/2

[Event "2nd Kolkata GM Open 2015"]
[Site "Kolkata IND"]
[Date "2015.03.18"]
[Round "3.4"]
[White "Chakravarthi Reddy, M"]
[Black "Kunte, Abhijit"]
[Result "1/2-1/2"]
[WhiteTitle "IM"]
[BlackTitle "GM"]
[WhiteElo "2283"]
[BlackElo "2485"]
[WhiteFideId "25009532"]
[BlackFideId "5002265"]
[EventDate "2015.03.16"]

1. d4 Nf6 2. c4 e6 3. Nf3 b6 4. a3 Bb7 5. Nc3 d5 6. Bg5 Be7 7. e3 O-O 8. Qc2
Nbd7 9. cxd5 exd5 10. Bd3 c5 11. O-O Ne4 12. Bf4 Ndf6 13. dxc5 bxc5 14. Bxe4
dxe4 15. Rfd1 Qb6 16. Ne5 Rfd8 17. Nc4 Qe6 18. Ne5 Qb6 19. Nc4 Qe6 20. Ne5 Qb6
21. Nc4 Qe6 22. Ne5 Qb6 1/2-1/2

[Event "2nd Kolkata GM Open 2015"]
[Site "Kolkata IND"]
[Date "2015.03.18"]
[Round "3.5"]
[White "Kostenko, Petr"]
[Black "Vijayalakshmi, Subbaraman"]
[Result "1-0"]
[WhiteTitle "GM"]
[BlackTitle "IM"]
[WhiteElo "2466"]
[BlackElo "2319"]
[WhiteFideId "13700669"]
[BlackFideId "5004098"]
[EventDate "2015.03.16"]

1. c4 g6 2. Nc3 Bg7 3. g3 c5 4. Bg2 Nc6 5. Nf3 d6 6. a3 a6 7. Rb1 Rb8 8. b4 cxb4
9. axb4 b5 10. cxb5 axb5 11. d4 Bg4 12. Be3 Nh6 13. h3 Bd7 14. Bc1 O-O 15. Qd3
e5 16. Bg5 f6 17. Bxh6 Bxh6 18. O-O Ne7 19. Rfd1 Bc6 20. Ne1 Bxg2 21. Nxg2 Qb6
22. dxe5 dxe5 23. Ne4 Rbd8 24. Qb3+ Kh8 25. Nc5 Rxd1+ 26. Rxd1 Rd8 27. Nd7 Qc6
28. Qf7 Ng8 29. Ne1 Qc4 30. Rd5 Bg7 31. Nd3 Ra8 32. N7c5 Nh6 33. Qb7 Rg8 34. Rd7
Nf5 35. Qe4 Nd4 36. e3 f5 37. Qd5 Qxd5 38. Rxd5 Nf3+ 39. Kg2 e4 40. g4 Bc3 41.
Kg3 Ra8 42. gxf5 gxf5 43. Kf4 Rf8 44. Ne6 Re8 45. Ndc5 Nh4 46. Kg5 Ng6 47. Rd7
Ne5 48. Rb7 Bxb4 49. Kxf5 Nc4 50. Nxe4 Nd6+ 51. Nxd6 Bxd6 52. Rxb5 Rg8 53. f4 h6
54. Rb6 Be7 55. e4 Bh4 56. Rb3 Rg1 57. e5 Kg8 58. Rb8+ Kh7 59. Nf8+ Kg7 60. Ng6 1-0